书目信息 |
| 题名: |
河南城建学院校史(1983-2013)
|
|
| 作者: | 李德平 , 孔留安 主编 | |
| 分册: | ||
| 出版信息: | 2013.10 |
|
| 页数: | 167页 | |
| 开本: | 26cm | |
| 丛书名: | ||
| 单 册: | ||
| 中图分类: | G659.286.13 | |
| 科图分类: | ||
| 主题词: | 教育--各级 | |
| 电子资源: | ||
| ISBN: | ||
| 000 | 00590nam0 2200181 450 | |
| 001 | 1360298298 | |
| 005 | 20141231161155.79 | |
| 100 | @a20131227d2013 km y0chiy0120 ea | |
| 101 | 0 | @achi |
| 200 | 1 | @a河南城建学院校史(1983-2013)@Ahe nan cheng jian xue yuan xiao shi(1983-2013)@f李德平,孔留安主编@Fli de ping,kong liu an zhu bian |
| 210 | @d2013.10 | |
| 215 | @a167页@d26cm | |
| 606 | 0 | @a教育@x各级 |
| 690 | @aG659.286.13@v4 | |
| 701 | 0 | @a李德平@Ali de ping@4主编 |
| 701 | 0 | @a孔留安@Akong liu an@4主编 |
| 801 | 0 | @aCN@b大连网信软件有限公司图书馆·11@c20141231 |
| 905 | @aZUCC@dG659.286.13@eL144 | |
| 河南城建学院校史(1983-2013)/李德平,孔留安主编.-2013.10 |
| 167页;26cm |
| ISBN : |
| ● |
| 相关链接 |
|
|
|
正题名:河南城建学院校史(1983-2013)
索取号:G659.286.13/L144
 
预约/预借
| 序号 | 登录号 | 条形码 | 馆藏地/架位号 | 状态 | 备注 |
| 1 | 492626 | 204926269 | 社科二线422/409社科库 16排1列4层/ [索取号:G659.286.13/L144] | 在馆 | |
| 2 | 492627 | 204926278 | 社科二线422/409社科库 16排1列4层/ [索取号:G659.286.13/L144] | 在馆 | |
| 3 | 492628 | 204926287 | 社科库409/409社科库 16排1列5层/ [索取号:G659.286.13/L144] | 在馆 | |
| 4 | 492629 | 204926296 | 社科二线422/409社科库 16排1列4层/ [索取号:G659.286.13/L144] | 在馆 | |
| 5 | 492630 | 204926303 | 社科库409/409社科库 16排1列5层/ [索取号:G659.286.13/L144] | 在馆 | |
| 6 | 492631 | 204926312 | 社科库409/409社科库 16排1列5层/ [索取号:G659.286.13/L144] | 在馆 | |
| 7 | 492632 | 204926321 | 社科库409/409社科库 16排1列5层/ [索取号:G659.286.13/L144] | 在馆 | |
| 8 | 492633 | 204926330 | 社科库409/409社科库 16排1列5层/ [索取号:G659.286.13/L144] | 在馆 | |
| 9 | 492634 | 204926349 | 社科库409/409社科库 16排1列5层/ [索取号:G659.286.13/L144] | 在馆 | |
| 10 | 492635 | 204926358 | 社科二线422/409社科库 16排1列4层/ [索取号:G659.286.13/L144] | 在馆 | |
| 11 | 495439 | 204954399 | 社科库409/422社科库 53排6列3层/ [索取号:G659.286.13/L144] | 在馆 | |
| 12 | 495440 | 204954406 | 社科库409/422社科库 53排6列3层/ [索取号:G659.286.13/L144] | 在馆 | |
| 13 | 495441 | 204954415 | 社科二线422/409社科库 16排1列4层/ [索取号:G659.286.13/L144] | 在馆 | |
| 14 | 495442 | 204954424 | 社科二线422/409社科库 16排1列4层/ [索取号:G659.286.13/L144] | 在馆 | |
| 15 | 809459 | 208094596 | 社科库409/409社科库 16排1列5层/ [索取号:G659.286.13/L144] | 在馆 |